000 01194nam a22003737a 4500
001 BR2012008581
003 BR-BrBNA
005 20230928104105.0
007 ta
008 230509b bl.||||| |||| 00| 0 por d
040 _aBR-BrBNA
_bpor
_cBiblioteca Nacional de Agricultura
041 _a(Por)
072 _aL53
_b5100
_b5213
090 _ 5100 BR2012008581
100 1 _aSilva, A.E.D.F.
100 1 _aDode, M.A.N.
100 1 _aUnanian, M.M.
110 1 _aEmpresa Brasileira de Pesquisa Agropecuária, Campo Grande, MS (Brasil). Centro Nacional de Pesquisa de Gado de Corte
_93934
245 1 _aCurso de andrologia nas espécies equina e bovina. Capacidade, reprodutiva do touro de corte: funções, anormalidades e fatores que a influenciam
260 3 _aCampo Grande, MS (Brasil):
_c1992.
300 _a165 p.
500 _aBibliography p. 70-84; 12 illus.; 15 tables
650 _aCURSO
650 _aTOURO
650 _aEQUINO
650 _aGADO DE CORTE
650 _aFISIOLOGIA REPRODUTIVA
650 _aREPRODUÇÃO ANIMAL
650 _aNUTRIÇÃO ANIMAL
650 _aIDADE
650 _aMANEJO
909 _a202309
_bLucia
_c55
_dLucia Elande
942 _cBK
999 _c78067
_d78067